Top Rap Songs Of 2015-16 - Statistics

General Stats
  • This quiz has been taken 543 times
  • The average score is 5 of 15
Answer Stats
Hint Answer % Correct
Post Malone White Iverson
61%
G Eazy Ft. Bebe Rexha Me, Myself & I
60%
Drake Hotline Bling
58%
Travi$ Scott Antidote
54%
Kevin Gates 2 Phones
51%
Drake Ft. Future Jumpman
50%
Lil Dicky Ft. Fetty Wap and Rich Homie Quan $ave Dat Money
31%
iLoveMemphis Hit the Quan
30%
Yo Gotti Down In The DM
20%
Drake Ft. Future Big RIngs
18%
Fetty Wap Again
17%
Young Thug Best Friend
15%
Wiz Khalifa Ft. Travi$ Scott Bake Sale
14%
2 Chainz Watch Out
10%
DLOW Bet You Can't Do It Like Me
3%
No matching quizzes found
Score Distribution
Percent of People with Each Score
Percentile by Number Answered
Your Score History
You have not taken this quiz